000
00274nam a22001097a 4500
082
_a
668.4 BRY'E
100
_a
BRYDSON, J. A,SCUNDERS, K. J
_9
78343
245
_a
EXPERIMENTAL PLASTICS TECHNOLOGY
260
_a
LONDON
_b
METHUEN EDUCATION
_c
1970
300
_a
111P
942
_c
BK
999
_c
583481
_d
583481